[Event "II Miedzynarodowy Memorial Ireny Warakom"]
[Site "Suwalki"]
[Date "2018.08.03"]
[Round "4.6"]
[White "Sukhimski, Vladimir"]
[Black "Krasiewicz, Robert"]
[Result "0-1"]
[WhiteElo "2083"]
[BlackElo "1923"]
[PlyCount "92"]
[EventDate "2018.??.??"]

1. Nf3 f5 2. c4 Nf6 3. Nc3 d6 4. g3 g6 5. Bg2 Bg7 6. O-O O-O 7. d3 Nc6 8. Rb1
a5 9. a3 e5 10. b4 axb4 11. axb4 Ne7 12. Qb3 h6 13. c5+ Kh8 14. cxd6 cxd6 15.
b5 Nd7 16. Ba3 Rf6 17. Nd2 Nb6 18. Nc4 Ra7 19. Bb4 Be6 20. Ra1 Rxa1 21. Rxa1
Nxc4 22. dxc4 Qc7 23. Ra7 Bxc4 24. Qa3 e4 25. Qa5 Qd7 26. Qa6 Nd5 27. Rxb7 Qe6
28. Ba5 Rf8 29. Nb1 e3 30. f4 Bxe2 31. Qa7 Bf6 32. Rb8 Rxb8 33. Qxb8+ Kg7 34.
Qa7+ Ne7 35. Nc3 Bc4 36. Nb1 e2 37. Qf2 Bxb5 38. Qe1 Nc6 39. Nc3 Qe3+ 40. Kh1
Nd4 41. Nd5 Qd3 42. Nxf6 Kxf6 43. Bc3 Ke6 44. Bd2 Nf3 45. Qc1 Qxd2 46. Qc8+ Ke7
0-1

[Event "II Miedzynarodowy Memorial Ireny Warakom"]
[Site "Suwalki"]
[Date "2018.08.03"]
[Round "4.7"]
[White "Samborski, Henryk"]
[Black "Gawronski, Miroslaw"]
[Result "1/2-1/2"]
[WhiteElo "2098"]
[BlackElo "2026"]
[PlyCount "239"]
[EventDate "2018.??.??"]

1. Nf3 d5 2. g3 c5 3. Bg2 Nc6 4. c4 d4 5. d3 e5 6. O-O h6 7. Na3 Be6 8. Qa4 Qd7
9. e3 g5 10. exd4 exd4 11. Nc2 a5 12. a3 Ra6 13. Nfe1 Nge7 14. f4 g4 15. f5
Nxf5 16. Bf4 h5 17. Qb5 Nd6 18. Bxc6 Qxc6 19. Qxc6+ bxc6 20. Rb1 Rb6 21. b4
axb4 22. axb4 Nxc4 23. dxc4 Bxc4 24. Rf2 Ba6 25. Bc7 Rb7 26. Be5 Rh6 27. Ra1
Re6 28. Rxa6 Rxe5 29. Nd3 Rd5 30. Ra8+ Rd8 31. Re2+ Kd7 32. Rxd8+ Kxd8 33. bxc5
Rb1+ 34. Kg2 Rd1 35. Nf2 Rc1 36. Nd3 Rd1 37. Nce1 Bh6 38. Ne5 Kc7 39. Nxf7 Bf8
40. Ne5 Bxc5 41. N1d3 Bd6 42. Rc2 c5 43. Nf2 Ra1 44. Ned3 Ra5 45. Ne4 Kc6 46.
Nb4+ Kd7 47. Nd3 Kc6 48. Nb4+ Kd7 49. Nd5 Ke6 50. Nb6 Be7 51. Re2 Kf5 52. Nf2
Bf6 53. Nd3 Ra6 54. Nc4 Rc6 55. Nf4 h4 56. Rf2 Kg5 57. gxh4+ Kxh4 58. Nd5 Bg5
59. Ne5 Re6 60. Rf5 Ra6 61. Nf4 Bxf4 62. Rxf4 Kg5 63. Rf2 Ra3 64. Nf7+ Kh4 65.
Ne5 Re3 66. Ng6+ Kg5 67. Nf4 c4 68. Ne2 d3 69. Nc3 Re1 70. h3 gxh3+ 71. Kxh3
Rc1 72. Ne4+ Kg6 73. Kg3 Rc2 74. Rf6+ Kg7 75. Rd6 Kf7 76. Kf3 Ke7 77. Rd4 Ke6
78. Nc5+ Ke5 79. Rxd3 cxd3 80. Nxd3+ Kd4 81. Nf4 Rc3+ 82. Kg4 Ke4 83. Ne6 Ke5
84. Ng5 Rc4+ 85. Kg3 Kf5 86. Nf3 Rc3 87. Kf2 $11 Kf4 88. Nd2 Rh3 89. Ke2 Re3+
90. Kf2 Re6 91. Nf3 Rh6 92. Ke2 Ra6 93. Nd2 Ke5 94. Kd3 Kd5 95. Ke3 Ra4 96. Nf3
Re4+ 97. Kd3 Re6 98. Nd4 Re8 99. Nf3 Ra8 100. Ke3 Ra4 101. Nd2 Ra3+ 102. Kf4
Rc3 103. Nf3 Rd3 104. Ng5 Rd4+ 105. Ke3 Rb4 106. Nf3 Rg4 107. Kd3 Rg8 108. Ke3
Rf8 109. Nd4 Re8+ 110. Kd3 Ra8 111. Nb3 Ra3 112. Kc3 Ra4 113. Nd2 Rg4 114. Nb3
Rh4 115. Nd2 Rh3+ 116. Kb4 Rh8 117. Kc3 Rh7 118. Nb3 Rc7+ 119. Kd3 Rb7 120. Kc3
1/2-1/2

[Event "II Miedzynarodowy Memorial Ireny Warakom"]
[Site "Suwalki"]
[Date "2018.08.03"]
[Round "4.8"]
[White "Koziej, Maciej"]
[Black "Zurkowski, Andrzej"]
[Result "1-0"]
[WhiteElo "2027"]
[BlackElo "2076"]
[PlyCount "112"]
[EventDate "2018.??.??"]

1. Nf3 Nf6 2. g3 b6 3. Bg2 Bb7 4. c4 e6 5. O-O Be7 6. b3 O-O 7. Bb2 c5 8. d4
cxd4 9. Qxd4 Nc6 10. Qf4 d5 11. Rd1 Qb8 12. Qxb8 Raxb8 13. Ne5 Nb4 14. Nd2 Rfd8
15. a3 Na6 16. cxd5 Nxd5 17. Ndc4 Nc5 18. Nd2 Bf6 19. Rac1 Rbc8 20. Nec4 Ba6
21. Bxf6 Nxf6 22. Bf1 Nxb3 23. Nxb3 Rxd1 24. Rxd1 Bxc4 25. Rc1 Ba6 26. Rxc8+
Bxc8 27. Nd4 a6 28. Nc6 Kf8 29. e3 Bb7 30. Nd8 Bc8 31. Nc6 Ke8 32. Bd3 Bb7 33.
Ne5 h6 34. Nc4 Nd7 35. Nd6+ Kd8 36. Nxb7+ Kc7 37. Be4 Nf6 38. Bf3 Nd5 39. e4
Nc3 40. e5 f6 41. Nd6 fxe5 42. Ne8+ Kd7 43. Nxg7 Nb5 44. Be2 Nxa3 45. Bxa6 Nc2
46. Nh5 Nd4 47. Nf6+ Kd6 48. Bd3 b5 49. Ne4+ Kc6 50. Kg2 b4 51. g4 b3 52. Nd2
Kc5 53. h4 b2 54. g5 h5 55. g6 Nc6 56. g7 Ne7 1-0

[Event "II Miedzynarodowy Memorial Ireny Warakom"]
[Site "Suwalki"]
[Date "2018.08.03"]
[Round "4.9"]
[White "Widla, Piotr"]
[Black "Bury, Gleb M"]
[Result "1/2-1/2"]
[WhiteElo "2071"]
[BlackElo "1928"]
[PlyCount "41"]
[EventDate "2018.??.??"]

1. e4 c6 2. d4 d5 3. Nc3 dxe4 4. Nxe4 Bf5 5. Ng3 Bg6 6. Nh3 e6 7. Nf4 Nf6 8. h4
Bd6 9. h5 Bf5 10. Nxf5 Qa5+ 11. Bd2 Qxf5 12. Bd3 Qg4 13. Be2 Qf5 14. Bd3 Qg4
15. Qxg4 Nxg4 16. f3 Nf6 17. O-O-O Nbd7 18. Ne2 O-O-O 19. Nc3 h6 20. Ne4 Bc7
21. c4 $11 1/2-1/2

[Event "II Miedzynarodowy Memorial Ireny Warakom"]
[Site "Suwalki"]
[Date "2018.08.03"]
[Round "4.10"]
[White "Grabowski, Adam"]
[Black "Zianowicz, Dominik"]
[Result "0-1"]
[WhiteElo "2066"]
[BlackElo "1950"]
[Annotator ",Àäìèíèñòðàòîð"]
[PlyCount "76"]
[EventDate "2018.??.??"]

1. Nf3 d5 2. d4 Nf6 3. c4 e6 4. Nc3 Nbd7 5. Bg5 Be7 6. e3 c6 7. Bd3 O-O 8. O-O
dxc4 9. Bxc4 b5 10. Bb3 Bb7 11. Rc1 a6 12. Qe2 c5 13. Rfd1 c4 14. Bc2 Nd5 15.
Bxe7 Qxe7 16. e4 Nxc3 17. bxc3 Rfd8 18. e5 Rab8 19. Nd2 Bd5 20. f4 Rdc8 21. Ne4
Bxe4 22. Qxe4 g6 23. d5 exd5 24. Rxd5 Nc5 25. Qe3 a5 26. f5 b4 27. e6 b3 28.
axb3 cxb3 29. Bb1 Kg7 30. Rcd1 Rc7 31. fxg6 fxg6 $11 32. Qe5+ Kg8 33. Rf1 Nxe6
34. Re1 Nf4 35. Qxe7 Rxe7 36. Rde5 Rxe5 37. Rxe5 a4 38. g3 a3 0-1

[Event "II Miedzynarodowy Memorial Ireny Warakom"]
[Site "Suwalki"]
[Date "2018.08.03"]
[Round "4.11"]
[White "Barchuk, Irina"]
[Black "Kwiecinski, Rafal"]
[Result "1-0"]
[WhiteElo "2061"]
[BlackElo "1491"]
[PlyCount "135"]
[EventDate "2018.??.??"]

1. e4 c5 2. Nf3 Nc6 3. d4 cxd4 4. Nxd4 Nf6 5. Nc3 a6 6. Bg5 Qa5 7. Bxf6 exf6 8.
Nb3 Qe5 9. a3 b5 10. Bd3 g5 11. Nd5 Rb8 12. c3 Ne7 13. O-O Ng6 14. Nd4 Bb7 15.
Qf3 Bg7 16. Nf5 Kf8 17. Nfe3 h5 18. a4 Bc6 19. axb5 axb5 20. c4 b4 21. c5 Rh6
22. b3 Nf4 23. Nxf4 gxf4 24. Nd5 f5 25. Rad1 fxe4 26. Bxe4 Re8 27. Bb1 Rf6 28.
Nxf6 Bxf6 29. Qd3 Qg5 30. g3 Re5 31. h4 Qg4 32. Kh2 Re6 33. Rde1 Bxh4 34. Rxe6
fxe6 35. Qd6+ Ke8 36. Qxf4 Qxf4 37. gxf4 Kf7 38. f3 Be7 39. Be4 Bb5 40. Rc1 Bf6
41. f5 exf5 42. Bxf5 Be5+ 43. Kh3 Kf6 44. Be4 Bf4 45. Rd1 Kg5 46. Rd5+ Kh6 47.
Rd4 Bf1+ 48. Kh4 Bg5+ 49. Kg3 h4+ 50. Kf2 Bh3 51. Rxb4 Be7 52. Rc4 Be6 53. Rc3
Bf6 54. Rd3 Be5 55. b4 h3 56. Rd1 Kh5 57. b5 Kh4 58. b6 h2 59. Kg2 Bh3+ 60. Kh1
Bf4 61. Ra1 Be6 62. b7 Kg3 63. Ra8 Bh3 64. Rg8+ Kf2 65. b8=Q Bxb8 66. Rxb8 Kg3
67. Rg8+ Kf4 68. Kxh2 1-0

[Event "II Miedzynarodowy Memorial Ireny Warakom"]
[Site "Suwalki"]
[Date "2018.08.03"]
[Round "4.12"]
[White "Marinc, Damir"]
[Black "Reshetniak, Vitaliy"]
[Result "1/2-1/2"]
[WhiteElo "1931"]
[BlackElo "2085"]
[PlyCount "63"]
[EventDate "2018.??.??"]

1. d4 Nf6 2. Nf3 e6 3. Bf4 c5 4. e3 b6 5. Nbd2 Bb7 6. Bd3 Be7 7. c3 cxd4 8.
exd4 O-O 9. Qe2 d6 10. h3 Re8 11. O-O a6 12. Bg3 Nbd7 13. Rad1 Nf8 14. Rfe1 Ng6
15. Nh4 Nd5 16. Nxg6 hxg6 17. Be4 Qd7 18. Bf3 Nf6 19. Ne4 Nxe4 20. Bxe4 Bxe4
21. Qxe4 d5 22. Qe2 Bd6 23. Bxd6 Qxd6 24. Qg4 b5 25. Rd3 b4 26. h4 bxc3 27.
bxc3 e5 28. dxe5 Rxe5 29. Rxe5 Qxe5 30. Qd4 Qxd4 31. Rxd4 Rc8 32. Rxd5 1/2-1/2

[Event "II Miedzynarodowy Memorial Ireny Warakom"]
[Site "Suwalki"]
[Date "2018.08.03"]
[Round "4.13"]
[White "Szewczyk, Mariusz"]
[Black "Flis, Pawel"]
[Result "1/2-1/2"]
[WhiteElo "2094"]
[BlackElo "1905"]
[PlyCount "83"]
[EventDate "2018.??.??"]

1. e4 c5 2. Nf3 d6 3. d4 cxd4 4. Nxd4 Nf6 5. Nc3 a6 6. Be2 e5 7. Nb3 Be7 8. Be3
Be6 9. O-O O-O 10. f4 exf4 11. Bxf4 Nc6 12. Kh1 Rc8 13. Qe1 Ne5 14. Nd4 b5 15.
Rd1 Qb6 16. a3 Nc4 17. Bxc4 Rxc4 18. Nf5 Bxf5 19. exf5 Re8 20. Bg5 Bf8 21. Qf2
Qxf2 22. Rxf2 Ne4 23. Nxe4 Rcxe4 24. Kg1 Re1+ 25. Rf1 Rxd1 $11 26. Rxd1 Re2 27.
Rd2 Re1+ 28. Kf2 Re5 29. g4 Rc5 30. Re2 f6 31. Bf4 Kf7 32. c3 g6 33. Be3 Re5
34. Bf4 Rxe2+ 35. Kxe2 gxf5 36. gxf5 d5 37. Kd3 Bc5 38. b3 Ke7 39. h3 Kd7 40.
a4 bxa4 41. bxa4 Kc6 42. Bg3 $11 1/2-1/2

[Event "II Miedzynarodowy Memorial Ireny Warakom"]
[Site "Suwalki"]
[Date "2018.08.03"]
[Round "4.14"]
[White "Tylenda, Krzysztof"]
[Black "Kumanovskiy, Evgeny"]
[Result "0-1"]
[WhiteElo "1706"]
[BlackElo "2084"]
[PlyCount "64"]
[EventDate "2018.??.??"]

1. e4 d6 2. d4 g6 3. Nc3 Bg7 4. Be3 a6 5. f3 Nd7 6. Qd2 b5 7. g3 Bb7 8. Bg2 c5
9. dxc5 Nxc5 10. Nge2 Rc8 11. O-O Nf6 12. Nd4 O-O 13. Bh6 Qb6 14. Bxg7 Kxg7 15.
Kh1 Ne6 16. Nxe6+ fxe6 17. Bh3 b4 18. Ne2 Nxe4 19. fxe4 Bxe4+ 20. Bg2 Rxc2 21.
Qd1 Qe3 22. Rxf8 Rxe2 23. Rf7+ Kxf7 24. Qf1+ Rf2 25. Qxf2+ Qxf2 26. Bxe4 Qxb2
27. Rf1+ Kg7 28. Bb1 a5 29. h4 a4 30. g4 b3 31. axb3 a3 32. h5 a2 0-1

[Event "II Miedzynarodowy Memorial Ireny Warakom"]
[Site "Suwalki"]
[Date "2018.08.03"]
[Round "4.15"]
[White "Hrymowicz, Artur"]
[Black "Cap, Piotr"]
[Result "1-0"]
[WhiteElo "2038"]
[BlackElo "1877"]
[PlyCount "55"]
[EventDate "2018.??.??"]

1. e4 c6 2. d4 d5 3. e5 Bf5 4. Nd2 e6 5. Nb3 Nd7 6. Nf3 Ne7 7. Be2 Bg4 8. O-O
Nf5 9. Bf4 Qb6 10. a4 Bxf3 11. Bxf3 c5 12. dxc5 Nxc5 13. a5 Qc7 14. Nxc5 Bxc5
15. c4 O-O 16. cxd5 Rad8 17. Qd3 Qe7 18. d6 Qh4 19. g3 Qh3 20. Bxb7 Rb8 21. Qe4
Bd4 22. Ra4 Bxb2 23. a6 f6 24. exf6 Rxf6 25. d7 Rbf8 26. Rd1 Rd8 27. Bg5 Qh5
28. Qg4 1-0

[Event "II Miedzynarodowy Memorial Ireny Warakom"]
[Site "Suwalki"]
[Date "2018.08.03"]
[Round "4.16"]
[White "Mazurek, Jerzy"]
[Black "Czarniecka, Aleksandra"]
[Result "0-1"]
[WhiteElo "1662"]
[BlackElo "1980"]
[PlyCount "76"]
[EventDate "2018.??.??"]

1. e4 c5 2. Nf3 d6 3. d4 cxd4 4. Nxd4 Nf6 5. f3 e5 6. Nb3 a5 7. Be3 Be7 8. c4
a4 9. N3d2 O-O 10. Nc3 a3 11. b4 d5 12. Nxd5 Nxd5 13. cxd5 Bxb4 14. Qb3 Qh4+
15. g3 Qe7 16. Rb1 Ba5 17. Bg2 Nd7 18. O-O b5 19. Rfc1 Ba6 20. Bf1 Rfb8 21. Rc6
Bb7 22. Rc2 Ba6 23. Rbc1 Bb4 24. Bh3 Bd6 25. Qd3 b4 26. Qb3 Bb5 27. Qb1 Bd3 28.
Qb3 Bxc2 29. Qxc2 h5 30. Qc6 Nf8 31. Nc4 b3 32. Nxd6 bxa2 33. Nf5 Qd8 34. Qc3
Rb1 35. Qxe5 a1=Q 36. Bd4 Rxc1+ 37. Kf2 Rc2+ 38. Ke3 Qc1+ 0-1

[Event "II Miedzynarodowy Memorial Ireny Warakom"]
[Site "Suwalki"]
[Date "2018.08.03"]
[Round "4.17"]
[White "Bien, Janusz"]
[Black "Matuszczyk, Mateusz"]
[Result "1-0"]
[WhiteElo "1976"]
[BlackElo "1733"]
[PlyCount "103"]
[EventDate "2018.??.??"]

1. e4 e5 2. d4 exd4 3. Nf3 c5 4. c3 Nc6 5. cxd4 cxd4 6. Nxd4 Nf6 7. Nxc6 bxc6
8. Nc3 Bb4 9. Bd3 O-O 10. O-O d5 11. e5 Ng4 12. h3 Nxe5 13. Bxh7+ Kxh7 14. Qh5+
Kg8 15. Qxe5 Ba5 16. Qg3 Bf5 17. Bg5 Qd7 18. Rfd1 Rab8 19. b3 d4 20. Bf6 Bg6
21. Bxd4 Qf5 22. Na4 Rfe8 23. Bxa7 Rb7 24. Be3 Rb5 25. Rac1 Bh5 26. Rd4 Re6 27.
Rf4 Qd5 28. Rd4 Qf5 29. Qf4 Rg6 30. Qxf5 Rxf5 31. g4 Bc7 32. Kf1 Rf3 33. gxh5
Rgf6 34. Kg2 R3f5 35. Rc5 Rxc5 36. Nxc5 Rf5 37. Rc4 Rxh5 38. b4 f5 39. Ne6 Bd6
40. f4 Kf7 41. Ng5+ Ke7 42. Bc5 Rh6 43. a4 Kd7 44. Rd4 Kc7 45. Bxd6+ Kb6 46.
Bc5+ Kb7 47. Rd7+ Kb8 48. a5 Rh8 49. a6 Re8 50. Bb6 g6 51. Rd8+ Rxd8 52. Bxd8
1-0

[Event "II Miedzynarodowy Memorial Ireny Warakom"]
[Site "Suwalki"]
[Date "2018.08.03"]
[Round "4.18"]
[White "Blasiak, Miroslaw"]
[Black "Halas, Przemyslaw"]
[Result "0-1"]
[WhiteElo "1683"]
[BlackElo "1964"]
[PlyCount "92"]
[EventDate "2018.??.??"]

1. e4 e5 2. Nf3 Nc6 3. Bc4 Nf6 4. Ng5 Bc5 5. Bxf7+ Ke7 6. Bd5 Rf8 7. Nf3 d6 8.
c3 Qe8 9. O-O Qh5 10. d4 Bb6 11. Be3 Ng4 12. h3 Nxe3 13. fxe3 Rf6 14. Nh2 Qg5
15. Rxf6 gxf6 16. Qf3 exd4 17. cxd4 Nxd4 18. exd4 Bxd4+ 19. Kh1 Bxb2 20. Nc3
Bxa1 21. Ne2 c6 22. Bb3 Bd7 23. Nf1 Rf8 24. Ne3 Kd8 25. Nc4 Be5 26. Qd3 Kc7 27.
Ne3 f5 28. Qd2 f4 29. Nc4 Rg8 30. Ng1 f3 31. Nxf3 Qxd2 32. Ncxd2 Re8 33. Kg1 b5
34. Kf2 c5 35. Ke3 c4 36. Bc2 Rf8 37. Ke2 Be6 38. Bb1 b4 39. Nf1 a5 40. Ne3 a4
41. Ng5 Bg8 42. Nd5+ Bxd5 43. exd5 Rg8 44. Ne6+ Kb6 45. g4 h6 46. Ke3 b3 0-1

[Event "II Miedzynarodowy Memorial Ireny Warakom"]
[Site "Suwalki"]
[Date "2018.08.03"]
[Round "4.19"]
[White "Salah, Nadezhda"]
[Black "Szczotka, Klara"]
[Result "1-0"]
[WhiteElo "1963"]
[BlackElo "1483"]
[PlyCount "75"]
[EventDate "2018.??.??"]

1. e4 c5 2. Nf3 e6 3. d3 a6 4. g3 Nc6 5. Bg2 Nge7 6. O-O g6 7. Re1 d5 8. Nbd2
Bg7 9. c3 O-O 10. exd5 exd5 11. Nb3 b6 12. Bf4 h6 13. a4 a5 14. Ne5 Nxe5 15.
Bxe5 Ra7 16. Bxg7 Kxg7 17. d4 c4 18. Nd2 g5 19. b3 Be6 20. bxc4 dxc4 21. Qe2
Qc7 22. Rab1 Rb8 23. Rb5 Nc8 24. Qh5 Ne7 25. Ne4 Ng6 26. d5 Bd7 27. Rbb1 Bxa4
28. d6 Qd8 29. Qe2 Bb3 30. Qd2 Kf8 31. Qd4 f5 32. Nf6 Rf7 33. Re8+ Qxe8 34.
Nxe8 Kxe8 35. Re1+ Kd7 36. Qd5 Rf6 37. Qc6+ Kd8 38. Re8# 1-0

[Event "II Miedzynarodowy Memorial Ireny Warakom"]
[Site "Suwalki"]
[Date "2018.08.03"]
[Round "4.20"]
[White "Jankowiak, Piotr"]
[Black "Szalko, Maciej"]
[Result "1-0"]
[WhiteElo "1925"]
[BlackElo "1850"]
[PlyCount "47"]
[EventDate "2018.??.??"]

1. d4 Nf6 2. Bf4 d6 3. Nc3 g6 4. e4 Bg7 5. Qd2 b6 6. Bh6 Bxh6 7. Qxh6 Ba6 8.
Bxa6 Nxa6 9. O-O-O e6 10. e5 Nd5 11. Nxd5 exd5 12. Nf3 Kd7 13. Qf4 Qg8 14. Rhe1
Qg7 15. Re3 h6 16. Qg4+ Kc6 17. Rc3+ Kb7 18. exd6 f5 19. Qf4 c6 20. Re1 Rae8
21. Rce3 Re4 22. Rxe4 dxe4 23. Qe5 Qd7 24. Qxh8 1-0

[Event "II Miedzynarodowy Memorial Ireny Warakom"]
[Site "Suwalki"]
[Date "2018.08.03"]
[Round "4.21"]
[White "Haliniak, Wojciech"]
[Black "Piekielny, Pawel"]
[Result "1/2-1/2"]
[WhiteElo "1630"]
[BlackElo "1918"]
[PlyCount "72"]
[EventDate "2018.??.??"]

1. e4 e6 2. Nc3 d5 3. Nf3 Nf6 4. e5 Nfd7 5. d4 c5 6. dxc5 Nc6 7. Bf4 Nxc5 8.
Bd3 Be7 9. O-O O-O 10. a3 Nxd3 11. Qxd3 a6 12. Ne2 Bd7 13. Ned4 Nxd4 14. Nxd4
Qb6 15. Be3 Bb5 16. Nxb5 Qxb5 17. Qxb5 axb5 18. c3 Ra4 19. Rfe1 Rc8 20. Rad1 f6
21. Bd4 Kf7 22. Re2 Bc5 23. Bxc5 Rxc5 24. g3 Ke7 25. f4 Kf7 26. exf6 gxf6 27.
Kf2 f5 28. Rd4 Rxd4 29. cxd4 Rc4 30. Ke3 Ke7 31. Kd3 Kd7 32. Rc2 Kc6 33. b3
Rxc2 34. Kxc2 b4 35. a4 Kd7 36. Kd3 Ke7 1/2-1/2

[Event "II Miedzynarodowy Memorial Ireny Warakom"]
[Site "Suwalki"]
[Date "2018.08.03"]
[Round "4.22"]
[White "Paszkowski, Krystian"]
[Black "Sapeta, Robert"]
[Result "1/2-1/2"]
[WhiteElo "1609"]
[BlackElo "1960"]
[PlyCount "91"]
[EventDate "2018.??.??"]

1. c4 g6 2. g3 Bg7 3. Bg2 e5 4. Nc3 Nc6 5. d3 Nge7 6. e3 d6 7. Nge2 Be6 8. Nd5
O-O 9. O-O Bxd5 10. cxd5 Nb8 11. Qb3 Qc8 12. Bd2 c5 13. dxc6 Nbxc6 14. Rfc1 Qd7
15. Nc3 Rab8 16. Nd5 Nxd5 17. Qxd5 Rfc8 18. Qb5 a6 19. Qd5 Rc7 20. Rc2 Ne7 21.
Rxc7 Qxc7 22. Qb3 Qd7 23. Bd5 Nxd5 24. Qxd5 Rc8 25. Bc3 Rc5 26. Qb3 Qc6 27. Bb4
Rc1+ 28. Rxc1 Qxc1+ 29. Kg2 Qc6+ 30. Kg1 h5 31. e4 b5 32. Qc3 Qxc3 33. Bxc3 f5
34. f3 Kf7 35. Kf2 Ke6 36. b4 Bh6 37. Ke2 d5 38. Bd2 Bf8 39. a3 Bd6 40. h3 Bc7
41. g4 fxe4 42. fxe4 hxg4 43. hxg4 dxe4 44. dxe4 Bd8 45. g5 Bb6 46. Be3 1/2-1/2

[Event "II Miedzynarodowy Memorial Ireny Warakom"]
[Site "Suwalki"]
[Date "2018.08.03"]
[Round "4.23"]
[White "Wloch, Mikolaj"]
[Black "Zolkiewski, Jakub"]
[Result "0-1"]
[WhiteElo "1772"]
[BlackElo "1894"]
[PlyCount "60"]
[EventDate "2018.??.??"]

1. e4 e5 2. Nf3 Nf6 3. Nc3 Nc6 4. Bc4 Bb4 5. d3 d5 6. exd5 Nxd5 7. Bd2 Bxc3 8.
bxc3 O-O 9. O-O Bg4 10. h3 Bh5 11. Bb5 Qd6 12. Bxc6 bxc6 13. Re1 f5 14. c4 Ne7
15. Bc3 Ng6 16. Kh1 Rae8 17. Rb1 c5 18. Rb7 Nh4 19. Rxa7 Nxf3 20. gxf3 e4 21.
Re3 f4 22. Qg1 Qd7 23. Re1 Qxh3+ 24. Qh2 Bxf3+ 25. Kg1 Qg4+ 26. Kf1 e3 27. Rb1
Be2+ 28. Ke1 exf2+ 29. Qxf2 Bxd3+ 30. Kd2 Re2+ 0-1

[Event "II Miedzynarodowy Memorial Ireny Warakom"]
[Site "Suwalki"]
[Date "2018.08.03"]
[Round "4.24"]
[White "Plesiuk, Jan"]
[Black "Duda, Lukasz"]
[Result "1/2-1/2"]
[WhiteElo "1732"]
[BlackElo "1874"]
[PlyCount "74"]
[EventDate "2018.??.??"]

1. d4 Nf6 2. Bf4 e6 3. e3 c5 4. c3 d5 5. Nd2 Nc6 6. Bd3 Bd6 7. Ngf3 Bxf4 8.
exf4 Qd6 9. g3 O-O 10. Rc1 b6 11. O-O Bb7 12. h3 cxd4 13. cxd4 Nb4 14. Bb1 Ba6
15. Ne5 Bxf1 16. Qxf1 Rac8 17. a3 Nc6 18. Nb3 Ne4 19. Kg2 f5 20. f3 Nf6 21. g4
Ne7 22. Re1 a5 23. Qe2 Rfe8 24. Bd3 Ng6 25. Kg3 Rc7 26. h4 fxg4 27. fxg4 Ne4+
28. Bxe4 dxe4 29. Nxg6 hxg6 30. Qxe4 Rce7 31. Nd2 Qd5 32. Qxg6 Qxd4 33. Ne4 e5
34. Nf6+ Kf8 35. Nh7+ Kg8 36. Nf6+ Kf8 37. Nh7+ Kg8 1/2-1/2

[Event "II Miedzynarodowy Memorial Ireny Warakom"]
[Site "Suwalki"]
[Date "2018.08.03"]
[Round "4.25"]
[White "Wielgus, Wojciech"]
[Black "Bartoszewicz, Marcin"]
[Result "1/2-1/2"]
[WhiteElo "1605"]
[BlackElo "1854"]
[PlyCount "104"]
[EventDate "2018.??.??"]

1. e4 c5 2. Nf3 d6 3. d4 cxd4 4. Nxd4 Nf6 5. Nc3 a6 6. Be3 b5 7. f3 e6 8. Qd2
Qc7 9. g4 Bb7 10. O-O-O b4 11. Nce2 d5 12. g5 Nh5 13. Bg2 Nd7 14. Ng3 Nxg3 15.
hxg3 e5 16. Ne2 d4 17. Bf2 Nc5 18. Kb1 a5 19. Nc1 a4 20. Nd3 b3 21. Nxc5 bxa2+
22. Ka1 Bxc5 23. f4 O-O-O 24. Qd3 f6 25. gxf6 gxf6 26. Bh3+ Kb8 27. Bf5 Qa5 28.
Be1 Qb6 29. Qc4 d3 30. cxd3 a3 31. Bc3 Bd4 32. Bxd4 Rxd4 33. Qxa2 axb2+ 34. Kb1
Ba6 35. Rh2 Rhd8 36. Rxb2 Rb4 37. Rxb4 Qxb4+ 38. Qb2 Bxd3+ 39. Ka1 Qxb2+ 40.
Kxb2 Kc7 41. Kc3 Bb5 42. Rxd8 Kxd8 43. fxe5 fxe5 44. Kb4 Be2 45. Bxh7 Ke7 46.
Kc5 Kf6 47. Bf5 Bd3 48. Kd6 Bc2 49. Kd7 Bd3 50. Ke8 Kg5 51. Kf7 Bxe4 52. Bxe4
Kg4 $11 1/2-1/2

[Event "II Miedzynarodowy Memorial Ireny Warakom"]
[Site "Suwalki"]
[Date "2018.08.03"]
[Round "4.26"]
[White "Milchenko, Valerii"]
[Black "Binkis, Evgeniya"]
[Result "0-1"]
[WhiteElo "1797"]
[BlackElo "1723"]
[PlyCount "48"]
[EventDate "2018.??.??"]

1. e4 e5 2. Nf3 Nc6 3. Bb5 a6 4. Ba4 Nf6 5. d3 b5 6. Bb3 Be7 7. c3 d6 8. h3 O-O
9. Be3 d5 10. exd5 Nxd5 11. Bd2 Bf5 12. Bc2 Qd7 13. Be3 Rad8 14. d4 e4 15. g4
Bg6 16. Nh2 Nxe3 17. fxe3 Bh4+ 18. Ke2 f5 19. Bb3+ Kh8 20. Nd2 f4 21. Ndf1 fxe3
22. Kxe3 Rf2 23. d5 Qe7 24. Ng3 Bxg3 0-1

[Event "II Miedzynarodowy Memorial Ireny Warakom"]
[Site "Suwalki"]
[Date "2018.08.03"]
[Round "4.27"]
[White "Furtak, Joanna"]
[Black "Pazdzior, Michal"]
[Result "1/2-1/2"]
[WhiteElo "1899"]
[BlackElo "1656"]
[PlyCount "91"]
[EventDate "2018.??.??"]

1. e4 e6 2. d4 d5 3. Nc3 Nf6 4. Bg5 Be7 5. e5 Nfd7 6. h4 a6 7. Qg4 Kf8 8. Nf3
h6 9. Bxe7+ Qxe7 10. O-O-O c5 11. dxc5 Nc6 12. Qf4 Qxc5 13. Bd3 b5 14. g4 Ke7
15. g5 Qb4 16. Qg3 h5 17. Rhe1 Qg4 18. Bf1 Nb6 19. Ne2 Bb7 20. Nfd4 Qxg3 21.
Nxg3 Nxd4 22. Rxd4 g6 23. c3 Rac8 24. Kc2 Rc7 25. f3 Rhc8 26. Nh1 Na4 27. Re3
Nb6 28. Nf2 Bc6 29. b3 a5 30. Nd1 Be8 31. Kb2 Rc5 32. Be2 R5c7 33. Bf1 Ra7 34.
a3 Rca8 35. Be2 Rb8 36. Bf1 Nd7 37. Nf2 Rb6 38. Nd3 Rb8 39. Nf2 Nb6 40. Nd1 a4
41. b4 Rc7 42. Kc2 Rbc8 43. Nf2 Kd8 44. Kd2 Rc4 45. Red3 Rxd4 46. Rxd4 1/2-1/2

[Event "II Miedzynarodowy Memorial Ireny Warakom"]
[Site "Suwalki"]
[Date "2018.08.03"]
[Round "4.28"]
[White "Huchwajda, Grzegorz"]
[Black "Dryja, Szymon"]
[Result "0-1"]
[WhiteElo "1531"]
[BlackElo "1878"]
[PlyCount "82"]
[EventDate "2018.??.??"]

1. e4 c5 2. d4 cxd4 3. c3 dxc3 4. Nxc3 Nc6 5. Nf3 e6 6. Be2 d6 7. O-O Nf6 8. h3
Be7 9. Be3 O-O 10. Qc2 Bd7 11. Rfd1 Rc8 12. Rac1 a6 13. Qb1 b5 14. a3 Qa5 15.
Bd2 Qb6 16. Be3 Qb7 17. b4 h6 18. Bf4 e5 19. Be3 Be6 20. Nd5 Bxd5 21. exd5 Nb8
22. Qb3 Nbd7 23. Rxc8 Rxc8 24. Ne1 Nb6 25. Bxb6 Qxb6 26. Qb1 Rc3 27. Bd3 Qc7
28. Qa2 Rc1 29. Qd2 Rxd1 30. Qxd1 Qc3 31. Kf1 Nxd5 32. Be4 Nb6 33. Qc2 Qxc2 34.
Nxc2 d5 35. Bd3 g6 36. f3 f5 37. g4 e4 38. fxe4 fxe4 39. Be2 Kf7 40. a4 Nxa4
41. Nd4 Bxb4 0-1

[Event "II Miedzynarodowy Memorial Ireny Warakom"]
[Site "Suwalki"]
[Date "2018.08.03"]
[Round "4.30"]
[White "Sapinski, Sebastian"]
[Black "Wolagiewicz, Kinga"]
[Result "1/2-1/2"]
[WhiteElo "1505"]
[BlackElo "1702"]
[PlyCount "149"]
[EventDate "2018.??.??"]

1. e4 c6 2. d4 d5 3. Nc3 dxe4 4. Nxe4 Nf6 5. Nxf6+ exf6 6. Nf3 Bd6 7. Bd3 O-O
8. O-O Re8 9. h3 Nd7 10. c4 Nf8 11. Bd2 Be6 12. Bc3 Qd7 13. Qb3 b5 14. d5 cxd5
15. Qxb5 dxc4 16. Bxc4 Bxc4 17. Qxc4 Rac8 18. Qb3 Ne6 19. Rad1 Qc7 20. Nd4 Bc5
21. Nxe6 Rxe6 22. Qa4 Qb6 23. Qg4 Rce8 24. Rd2 g6 25. Qf3 Qa6 26. Rd5 Bf8 27.
a3 Bg7 28. Rfd1 Qb7 29. Qd3 f5 30. Bxg7 Kxg7 31. Qc3+ Kg8 32. Rd7 Qb6 33. Qd4
Re1+ 34. Rxe1 Rxe1+ 35. Kh2 Qxd4 36. Rxd4 Re2 37. b3 Rxf2 38. Rd7 a5 39. Ra7
Rb2 40. Rxa5 Rxb3 41. a4 Rb8 42. Ra7 Kg7 43. a5 g5 44. a6 Rb2 45. Rb7 Ra2 46.
a7 f4 47. Rb5 Kg6 48. Rb6+ f6 49. Rb7 f3 50. a8=Q Rxa8 51. gxf3 Ra3 52. Kg3 h5
53. Rb4 h4+ 54. Kg2 Ra2+ 55. Kg1 Kf5 56. Re4 Ra5 57. Kf2 Re5 58. Ra4 Rd5 59.
Re4 Kg6 60. Ra4 f5 61. Ra8 Kf6 62. Ra6+ Ke5 63. Ke3 Rb5 64. Ra3 Rb2 65. Ra5+
Kf6 66. Ra6+ Kg7 67. Ra7+ Kh6 68. Ra6+ Kh5 69. Ra5 f4+ 70. Ke4 Rh2 71. Kf5 Rxh3
72. Ra7 Kh6 73. Ra6+ Kg7 74. Kxg5 Rxf3 75. Rg6+ 1/2-1/2